[Event "25th Chicago Open"]
[Site "Wheeling, IL"]
[Date "2016.05.27"]
[Round "3"]
[White "Mandizha, Farai"]
[Black "Zaloznyy, Mike"]
[Result "1-0"]
[WhiteElo "2368"]
[BlackElo "2170"]
[PlyCount "81"]
[EventDate "2016.05.??"]
[EventType "swiss"]
[EventRounds "9"]
[EventCountry "USA"]
[Source "MonRoi"]

1. d4 e6 2. c4 b6 3. Nc3 Bb7 4. a3 f5 5. f3 Qh4+ 6. g3 Qf6 7. Nh3 Nc6 8. Nb5
Bd6 9. Bg2 a6 10. Nxd6+ cxd6 11. d5 Na5 12. dxe6 Qxe6 13. b3 d5 14. Bb2 Nf6 15.
Nf4 Qe3 16. cxd5 O-O 17. Rb1 g5 18. Bd4 Qe7 19. Nh3 Nxd5 20. Qd2 f4 21. O-O
Rae8 22. Rfe1 h6 23. Qd3 Qh7 24. Qd2 Rc8 25. Ba1 Rc2 26. Qd4 Rxe2 27. Rxe2
Qxb1+ 28. Bf1 Qh7 29. Nxg5 hxg5 30. Re5 Qg7 31. Qd1 Nf6 32. Qd6 fxg3 33. hxg3
Bxf3 34. Rf5 Be4 35. Bxf6 Rxf6 36. Rxf6 Nb7 37. Bc4+ Kh7 38. Qxb6 d5 39. Be2
Nc5 40. Bg4 Nxb3 41. Qf2 1-0

[Event "25th Chicago Open"]
[Site "Wheeling, IL"]
[Date "2016.05.27"]
[Round "3"]
[White "Greanias, Steven"]
[Black "Ludwig, John"]
[Result "1/2-1/2"]
[WhiteElo "2116"]
[BlackElo "2348"]
[PlyCount "91"]
[EventDate "2016.05.??"]
[EventType "swiss"]
[EventRounds "9"]
[EventCountry "USA"]
[Source "MonRoi"]

1. c4 c5 2. Nf3 g6 3. d4 cxd4 4. Nxd4 Nc6 5. Nc3 Bg7 6. e3 Nf6 7. Be2 O-O 8.
O-O Nxd4 9. exd4 d5 10. Bg5 dxc4 11. Bxc4 Qb6 12. Re1 Qxb2 13. Rc1 Qb4 14. Nb5
e6 15. Bf4 Bd7 16. Bd6 Qa5 17. Bxf8 Rxf8 18. Qb3 Qb6 19. Red1 Bc6 20. Nc3 Qxb3
21. Bxb3 Rd8 22. Ba4 Bxa4 23. Nxa4 Nd5 24. Nc5 b6 25. Nb3 Kf8 26. Kf1 Ke7 27.
Rc2 Kd7 28. Rdc1 h5 29. a4 a5 30. Ke2 Rh8 31. h4 Bf6 32. g3 g5 33. hxg5 Bxg5
34. Nd2 h4 35. Rh1 Bf6 36. Nf3 hxg3 37. Rxh8 Bxh8 38. fxg3 f6 39. Rc1 Bg7 40.
Rh1 Bf8 41. Kd3 Bb4 42. Nd2 Bxd2 43. Kxd2 f5 44. Rh6 Nc7 45. Kd3 b5 46. axb5
1/2-1/2

[Event "25th Chicago Open"]
[Site "Wheeling, IL"]
[Date "2016.05.27"]
[Round "3"]
[White "Homa, Seth"]
[Black "Li, Zhaozhi"]
[Result "0-1"]
[WhiteElo "2325"]
[BlackElo "2116"]
[PlyCount "62"]
[EventDate "2016.05.??"]
[EventType "swiss"]
[EventRounds "9"]
[EventCountry "USA"]
[Source "MonRoi"]

1. d4 Nf6 2. Nf3 e6 3. Bg5 d5 4. e3 Be7 5. Bd3 O-O 6. O-O c5 7. c3 Nc6 8. Nbd2
h6 9. Bh4 b6 10. Ne5 Nxe5 11. dxe5 Nd7 12. Bxe7 Qxe7 13. f4 a5 14. Qh5 Ba6 15.
Bxa6 Rxa6 16. Rf3 f6 17. Qh4 b5 18. Raf1 Rf7 19. exf6 Qxf6 20. Qf2 c4 21. e4
Qe7 22. Re3 Nc5 23. exd5 Nd3 24. Qg3 Qc5 25. Ne4 Qxd5 26. Rd1 Qf5 27. b3 e5 28.
fxe5 Rg6 29. Nd6 Qh5 30. Rdxd3 Rxg3 31. e6 Re7 0-1

[Event "25th Chicago Open"]
[Site "Wheeling, IL"]
[Date "2016.05.27"]
[Round "3"]
[White "Colas, Joshua"]
[Black "Nutakki, Priyanka"]
[Result "0-1"]
[WhiteElo "2387"]
[BlackElo "1907"]
[PlyCount "108"]
[EventDate "2016.05.??"]
[EventType "swiss"]
[EventRounds "9"]
[EventCountry "USA"]
[Source "MonRoi"]

1. Nf3 Nf6 2. c4 e6 3. g3 b6 4. Bg2 Bb7 5. O-O Be7 6. Nc3 O-O 7. d4 Ne4 8. Qc2
Nxc3 9. Qxc3 d6 10. Rd1 Be4 11. b3 Nd7 12. Bb2 Qc8 13. Qe3 d5 14. cxd5 Bxd5 15.
Ne1 Nf6 16. Rac1 Qa6 17. a4 Rac8 18. Bxd5 Nxd5 19. Qd3 Qa5 20. e4 Nb4 21. Qe2
Rfd8 22. Bc3 Qa6 23. Qb2 Bf8 24. Bxb4 Bxb4 25. Nd3 Be7 26. Rc6 Qb7 27. Rdc1 Bc5
28. R6xc5 bxc5 29. Nxc5 Qb6 30. Rc4 Rb8 31. Qc3 a5 32. Qe3 Qd6 33. Qe1 Qc6 34.
Qc3 Rb6 35. h4 Qa8 36. Kh2 Rdb8 37. d5 exd5 38. exd5 Rb4 39. Rxb4 axb4 40. Qe5
Re8 41. Qd4 Rd8 42. Qxb4 Qxd5 43. a5 Qf3 44. Qe1 h6 45. a6 g6 46. a7 Ra8 47.
Nd7 Rxa7 48. Ne5 Qxb3 49. Nc6 Ra2 50. h5 Qe6 51. Ne7+ Kg7 52. Qc3+ Kh7 53.
hxg6+ fxg6 54. Qc5 Qb6 0-1

[Event "25th Chicago Open"]
[Site "Wheeling, IL"]
[Date "2016.05.27"]
[Round "3"]
[White "Santarius, Erik"]
[Black "Kelly, Joey"]
[Result "1-0"]
[WhiteElo "2302"]
[BlackElo "2070"]
[PlyCount "99"]
[EventDate "2016.05.??"]
[EventType "swiss"]
[EventRounds "9"]
[EventCountry "USA"]
[Source "MonRoi"]

1. e4 c5 2. Nf3 Nc6 3. Bb5 g6 4. Bxc6 dxc6 5. d3 Bg7 6. h3 e5 7. O-O f6 8. Be3
b6 9. Nc3 Nh6 10. a3 Be6 11. b4 cxb4 12. axb4 O-O 13. Qd2 Nf7 14. Ra6 Nd6 15.
Rfa1 Nc8 16. b5 Bd7 17. d4 cxb5 18. dxe5 Bc6 19. Qe2 Bb7 20. R6a2 fxe5 21. Qxb5
Kh8 22. Rd1 Qc7 23. Nd5 Qc6 24. Qd3 Rd8 25. Ng5 Nd6 26. Ne6 Rd7 27. Nxg7 Nxe4
28. c4 Nf6 29. Bg5 Rf8 30. Bxf6 Rxf6 31. Qc3 Rxg7 32. Rxa7 Re6 33. Ne3 h6 34.
Qd2 Kh7 35. Qd8 Re8 36. Qh4 Rf8 37. Ra2 Rf4 38. Qg3 Rd4 39. Rb1 Qe6 40. Rab2
Rf4 41. Rxb6 Qe7 42. Rxb7 Qxb7 43. Rxb7 Rxb7 44. Nd5 Rxc4 45. Qxe5 h5 46. Nf6+
Kh6 47. g4 hxg4 48. hxg4 Rc6 49. g5+ Kg7 50. Nd7+ 1-0

[Event "25th Chicago Open"]
[Site "Wheeling, IL"]
[Date "2016.05.27"]
[Round "3"]
[White "Haessel, Dale"]
[Black "Guddanti, Harshita"]
[Result "0-1"]
[WhiteElo "2234"]
[BlackElo "2052"]
[PlyCount "64"]
[EventDate "2016.05.??"]
[EventType "swiss"]
[EventRounds "9"]
[EventCountry "USA"]
[Source "MonRoi"]

1. d4 Nf6 2. c4 e6 3. Nf3 b6 4. a3 Bb7 5. Nc3 d5 6. cxd5 Nxd5 7. Qc2 c5 8. e4
Nxc3 9. bxc3 Nd7 10. Bd3 Qc7 11. Qd2 Be7 12. O-O O-O 13. a4 cxd4 14. cxd4 Nf6
15. Qe2 Rfd8 16. Bg5 Rdc8 17. Rfc1 Qd8 18. Rcb1 h6 19. Bd2 Nd7 20. a5 Bd6 21.
Bb5 Bc6 22. Ba6 Rc7 23. h3 Rb8 24. axb6 axb6 25. Rc1 Bb7 26. Bb5 Nf8 27. Bd3
Ra8 28. Rab1 Rxc1+ 29. Bxc1 Bc7 30. g3 Ra7 31. Be3 Qa8 32. Rc1 Bxe4 0-1

[Event "25th Chicago Open"]
[Site "Wheeling, IL"]
[Date "2016.05.28"]
[Round "4.1"]
[White "Zherebukh, Yaroslav"]
[Black "Belous, Vladimir"]
[Result "0-1"]
[WhiteElo "2595"]
[BlackElo "2557"]
[PlyCount "79"]
[EventDate "2016.05.??"]
[EventType "swiss"]
[EventRounds "9"]
[EventCountry "USA"]
[Source "MonRoi"]
[WhiteClock "0:00:23"]
[BlackClock "0:11:46"]

1. e4 c5 2. Nf3 e6 3. d4 cxd4 4. Nxd4 Nc6 5. Nc3 Qc7 6. Be2 Nf6 7. O-O Be7 8.
Be3 O-O 9. Nb3 Qb8 10. f4 d6 11. a4 a6 12. Nd4 Re8 13. Kh1 Bd7 14. Nb3 b6 15.
g4 Bc8 16. g5 Nd7 17. Bf3 Bb7 18. Bg2 Bf8 19. Rf3 b5 20. Rh3 g6 21. Qe1 Bg7 22.
Qh4 Nf8 23. axb5 axb5 24. Rd1 b4 25. Nb5 Ra2 26. Nxd6 Rd8 27. Bc5 Rxb2 28. Qf2
Ne7 29. Na5 Ba6 30. e5 Ra2 31. Ba7 Qb5 32. Bb6 Rxd6 33. exd6 Nd5 34. c4 Qa4 35.
Qxa2 Qxd1+ 36. Bg1 Bd4 37. Bf1 Qxf1 38. Qg2 Qd1 39. Nc6 Nxf4 40. Qg4 0-1

[Event "25th Chicago Open"]
[Site "Wheeling, IL"]
[Date "2016.05.28"]
[Round "4.2"]
[White "Petrosian, Tigran"]
[Black "Chirila, Ioan"]
[Result "1-0"]
[WhiteElo "2593"]
[BlackElo "2530"]
[PlyCount "83"]
[EventDate "2016.05.??"]
[EventType "swiss"]
[EventRounds "9"]
[EventCountry "USA"]
[Source "MonRoi"]
[WhiteClock "0:29:02"]
[BlackClock "0:30:20"]

1. g3 Nf6 2. Bg2 d5 3. Nf3 g6 4. c4 Bg7 5. cxd5 Nxd5 6. O-O O-O 7. d4 Nb6 8.
Nc3 Nc6 9. e3 Re8 10. a3 Bd7 11. Nd2 e5 12. d5 Ne7 13. Nde4 Qc8 14. Qb3 Bh3 15.
a4 Bxg2 16. Kxg2 Nf5 17. a5 Nd7 18. Ra4 Nd6 19. Nxd6 cxd6 20. Rc4 Nc5 21. Qc2
Qd7 22. e4 Rec8 23. Be3 b5 24. axb6 axb6 25. b4 b5 26. Nxb5 Nxe4 27. Nc7 Rab8
28. Qxe4 Rxc7 29. Rxc7 Qxc7 30. Rc1 Qb7 31. Rc6 f5 32. Qc4 f4 33. Rb6 Rc8 34.
Rc6 Rb8 35. gxf4 exf4 36. Bxf4 Bf8 37. Bxd6 Bxd6 38. Rxd6 Qxb4 39. Rd8+ Kg7 40.
Qc7+ Kh6 41. Rxb8 Qe4+ 42. Kg3 1-0

[Event "25th Chicago Open"]
[Site "Wheeling, IL"]
[Date "2016.05.28"]
[Round "4.3"]
[White "Li, Ruifeng"]
[Black "Shimanov, Alex"]
[Result "1/2-1/2"]
[WhiteElo "2517"]
[BlackElo "2631"]
[PlyCount "55"]
[EventDate "2016.05.??"]
[EventType "swiss"]
[EventRounds "9"]
[EventCountry "USA"]
[Source "MonRoi"]
[WhiteClock "0:38:46"]
[BlackClock "0:20:20"]

1. e4 c6 2. Nc3 d5 3. Nf3 Bg4 4. h3 Bxf3 5. Qxf3 e6 6. d4 dxe4 7. Qxe4 Nd7 8.
Bd3 Ngf6 9. Qf3 Be7 10. O-O O-O 11. Ne2 e5 12. Be3 Re8 13. Ng3 Bf8 14. Rad1 Qc7
15. Rfe1 Rad8 16. a3 a6 17. h4 Bd6 18. Bg5 exd4 19. Nh5 Be5 20. Bxf6 Nxf6 21.
Nxf6+ Bxf6 22. Qf5 Kf8 23. Qxh7 Re5 24. Qh8+ Ke7 25. Qh5 Kf8 26. Qh8+ Ke7 27.
Qh5 Kf8 28. Qh8+ 1/2-1/2

[Event "25th Chicago Open"]
[Site "Wheeling, IL"]
[Date "2016.05.28"]
[Round "4.4"]
[White "Fishbein, Alexander"]
[Black "Avrukh, Boris"]
[Result "1/2-1/2"]
[WhiteElo "2481"]
[BlackElo "2598"]
[PlyCount "84"]
[EventDate "2016.05.??"]
[EventType "swiss"]
[EventRounds "9"]
[EventCountry "USA"]
[Source "MonRoi"]
[WhiteClock "0:25:57"]
[BlackClock "0:11:15"]

1. e4 c5 2. Nf3 d6 3. d4 cxd4 4. Nxd4 Nf6 5. Nc3 Nc6 6. Be2 e5 7. Nf3 h6 8. O-O
Be7 9. Re1 O-O 10. h3 a6 11. Bf1 Qc7 12. Nd5 Nxd5 13. exd5 Nb8 14. Bd2 a5 15.
Re3 Na6 16. Qe1 Qxc2 17. Bxa5 Qg6 18. Rc1 f5 19. Rb3 Bf6 20. Nd2 Nc5 21. Ra3 e4
22. Nc4 f4 23. Kh1 b5 24. Nb6 Bxb2 25. Rxc5 Bxa3 26. Rc7 Rb8 27. Bc3 Rb7 28.
Rxc8 Rxb6 29. Rc7 Rf7 30. Rc8+ Rf8 31. Rc7 Rf7 32. Rc8+ Kh7 33. Re8 Bc5 34.
Rxe4 b4 35. Bd2 b3 36. axb3 Rxb3 37. Rxf4 Rb1 38. Qe2 Rxf4 39. Bxf4 Qf5 40. Bg3
Bd4 41. Kh2 Be5 42. Bxe5 Rxf1 1/2-1/2

[Event "25th Chicago Open"]
[Site "Wheeling, IL"]
[Date "2016.05.28"]
[Round "4"]
[White "Durarbayli, Vasif"]
[Black "Tan, Justin"]
[Result "1-0"]
[WhiteElo "2596"]
[BlackElo "2469"]
[PlyCount "85"]
[EventDate "2016.05.??"]
[EventType "swiss"]
[EventRounds "9"]
[EventCountry "USA"]
[Source "MonRoi"]

1. e4 e6 2. d4 d5 3. e5 c5 4. c3 Nc6 5. Nf3 Bd7 6. Be2 Nge7 7. dxc5 Ng6 8. Be3
Ngxe5 9. Nxe5 Nxe5 10. Nd2 Be7 11. O-O O-O 12. f4 Ng6 13. b4 Bf6 14. Qc2 a5 15.
b5 a4 16. Rad1 Qc7 17. Kh1 e5 18. b6 Qc8 19. fxe5 Be7 20. Nf3 Bxc5 21. Qd2 Bxe3
22. Qxe3 Ra5 23. c4 Be6 24. cxd5 Bxd5 25. Rc1 Bc6 26. Qc3 Ra8 27. Nd4 Bd5 28.
Qb2 Qh3 29. Bc4 Qd7 30. Nf5 Bxc4 31. Rxc4 a3 32. Qc3 Qe6 33. Rc7 Ra4 34. Rxb7
Rf4 35. Rxf4 Nxf4 36. Qc2 Qxe5 37. h3 Ne2 38. Qd1 Re8 39. Re7 Rxe7 40. Nxe7+
Qxe7 41. b7 Qc7 42. Qxe2 Kf8 43. Qd3 1-0

[Event "25th Chicago Open"]
[Site "Wheeling, IL"]
[Date "2016.05.28"]
[Round "4"]
[White "Bregadze, Levan"]
[Black "Stukopin, Andrey"]
[Result "0-1"]
[WhiteElo "2467"]
[BlackElo "2595"]
[PlyCount "134"]
[EventDate "2016.05.??"]
[EventType "swiss"]
[EventRounds "9"]
[EventCountry "USA"]
[Source "MonRoi"]

1. Nf3 c5 2. e4 Nc6 3. Bb5 g6 4. Bxc6 bxc6 5. d4 Bg7 6. O-O cxd4 7. Nxd4 Qb6 8.
Nb3 d6 9. Nc3 Nf6 10. Be3 Qc7 11. h3 O-O 12. Qd2 Rd8 13. Rfe1 a5 14. Rad1 a4
15. Nc1 Bb7 16. Bg5 Qa5 17. Nd3 a3 18. b4 Qc7 19. Qc1 c5 20. bxc5 dxc5 21. e5
c4 22. Nf4 Rxd1 23. Qxd1 Qa5 24. Re3 Rd8 25. Qb1 Bc6 26. exf6 exf6 27. Bh4 g5
28. Nh5 gxh4 29. Nxg7 Kxg7 30. Qf1 Rd4 31. Qe2 Qg5 32. f3 Qf4 33. Qe1 Bd7 34.
Re4 Rxe4 35. Qxe4 Qg5 36. Kh1 Be6 37. Ne2 Qe5 38. Qxe5 fxe5 39. Nc3 Bf5 40. Nb5
Bxc2 41. Nxa3 Bd3 42. Nb5 Bf5 43. Nc3 Kf6 44. Kg1 Ke7 45. Kf2 Kd6 46. Ke3 Kc5
47. a3 Bc2 48. Kd2 Bd3 49. Ke3 f5 50. Na4+ Kd6 51. Nc3 f4+ 52. Kf2 Kc5 53. Ke1
Kd4 54. Nb5+ Ke3 55. a4 e4 56. a5 exf3 57. gxf3 Kxf3 58. a6 Be4 59. a7 Ba8 60.
Nd6 c3 61. Nb5 Kg2 62. Nxc3 Kxh3 63. Kf2 Kg4 64. Kg1 Kf3 65. Nd1 h3 66. Kh2 Ke2
67. Nc3+ Ke1 0-1

[Event "25th Chicago Open"]
[Site "Wheeling, IL"]
[Date "2016.05.28"]
[Round "4"]
[White "Carmenate, Holden"]
[Black "Lee, Michael"]
[Result "0-1"]
[WhiteElo "2518"]
[BlackElo "2526"]
[PlyCount "84"]
[EventDate "2016.05.??"]
[EventType "swiss"]
[EventRounds "9"]
[EventCountry "USA"]
[Source "MonRoi"]

1. d4 Nf6 2. Nf3 e6 3. c4 b6 4. Nc3 Bb4 5. Qc2 Bb7 6. a3 Bxc3+ 7. Qxc3 O-O 8.
g3 d5 9. Bg2 dxc4 10. Qxc4 Bd5 11. Qd3 Nbd7 12. b4 e5 13. dxe5 Nxe5 14. Nxe5
Bxg2 15. Qxd8 Rfxd8 16. Rg1 Bb7 17. Bg5 a5 18. bxa5 Rxa5 19. f4 Rda8 20. Bxf6
gxf6 21. Ng4 Kg7 22. Kf2 Rxa3 23. Rac1 Re8 24. Ra1 Rb3 25. Rgb1 Rxb1 26. Rxb1
Be4 27. Rb5 Re6 28. Ne3 Kf8 29. g4 Bb7 30. h3 Re4 31. f5 Rf4+ 32. Kg3 Ra4 33.
Rb2 Ke7 34. Kh4 Ra3 35. Rc2 Kd7 36. Nc4 Rb3 37. Nd2 Re3 38. Nf1 Ra3 39. Ng3 c5
40. Nh5 Ke7 41. Rb2 c4 42. Rxb6 Rb3 0-1

[Event "25th Chicago Open"]
[Site "Wheeling, IL"]
[Date "2016.05.28"]
[Round "4"]
[White "Nyzhnyk, Illia"]
[Black "Mandizha, Farai"]
[Result "1-0"]
[WhiteElo "2622"]
[BlackElo "2368"]
[PlyCount "97"]
[EventDate "2016.05.??"]
[EventType "swiss"]
[EventRounds "9"]
[EventCountry "USA"]
[Source "MonRoi"]

1. d4 Nf6 2. Nf3 d5 3. c4 e6 4. Nc3 Bb4 5. Qa4+ Nc6 6. Bg5 Bd7 7. Qb3 dxc4 8.
Qxc4 h6 9. Bh4 O-O 10. e3 Qe7 11. Be2 Na5 12. Qd3 c5 13. Ne5 cxd4 14. exd4 Qd8
15. O-O Be7 16. Bd1 Nc6 17. Bxf6 Bxf6 18. Bc2 Re8 19. Rfe1 Kf8 20. a3 Ne7 21.
Ne4 Nd5 22. Nd6 Bxe5 23. dxe5 Qg5 24. Nxe8 Rxe8 25. Rad1 Bc6 26. Qg3 Nf4 27. f3
Rc8 28. Be4 Bxe4 29. Rxe4 Nd5 30. Qxg5 hxg5 31. Rd2 Ke7 32. Rg4 f6 33. h4 Ne3
34. Rb4 b6 35. hxg5 fxe5 36. Kf2 Nf5 37. Re4 Rc5 38. b4 Rc3 39. Rxe5 Rxa3 40.
g4 Nh4 41. Re3 Ra4 42. Rde2 Rxb4 43. Rxe6+ Kf7 44. Re7+ Kg8 45. R2e6 Rb3 46.
Kg3 Nxf3 47. Re8+ Kh7 48. g6+ Kh6 49. Rh8+ 1-0

[Event "25th Chicago Open"]
[Site "Wheeling, IL"]
[Date "2016.05.28"]
[Round "4"]
[White "Vibbert, Sean"]
[Black "Zhou, Jianchao"]
[Result "0-1"]
[WhiteElo "2350"]
[BlackElo "2617"]
[PlyCount "86"]
[EventDate "2016.05.??"]
[EventType "swiss"]
[EventRounds "9"]
[EventCountry "USA"]
[Source "MonRoi"]

1. e4 c5 2. Nc3 d6 3. g3 Nc6 4. Bg2 g6 5. d3 Bg7 6. Be3 e5 7. f4 exf4 8. Bxf4
Nge7 9. Nge2 Be6 10. O-O O-O 11. Be3 b5 12. Nf4 b4 13. Nxe6 fxe6 14. Rxf8+ Qxf8
15. Ne2 Bxb2 16. Rb1 Bg7 17. d4 cxd4 18. Nxd4 Nxd4 19. Bxd4 Nc6 20. Bxg7 Kxg7
21. Qd2 Qe7 22. c3 bxc3 23. Qxc3+ Ne5 24. a4 a5 25. h3 Qa7+ 26. Kh1 Rf8 27. Rb5
Qf2 28. Rxa5 Kh6 29. Rb5 Nf3 30. Qc1+ g5 31. Rb3 Ne1 32. Qb2 Nxg2 33. Qxf2 Rxf2
34. Kg1 Ra2 35. Rd3 Kg6 36. Rxd6 Kf6 37. Rd7 Ne1 38. Rxh7 Nf3+ 39. Kf1 Nd2+ 40.
Ke1 Nxe4 41. Rh6+ Ke5 42. h4 Ra1+ 43. Ke2 Nxg3+ 0-1

[Event "25th Chicago Open"]
[Site "Wheeling, IL"]
[Date "2016.05.28"]
[Round "4"]
[White "Akobian, Varuzhan"]
[Black "Kavutskiy, Konstantin"]
[Result "1-0"]
[WhiteElo "2612"]
[BlackElo "2365"]
[PlyCount "63"]
[EventDate "2016.05.??"]
[EventType "swiss"]
[EventRounds "9"]
[EventCountry "USA"]
[Source "MonRoi"]

1. d4 Nf6 2. c4 g6 3. Nc3 Bg7 4. e4 d6 5. Be2 O-O 6. Bg5 Na6 7. Qd2 e5 8. d5 c6
9. Nf3 cxd5 10. cxd5 Nc5 11. Qc2 a5 12. Nd2 Bd7 13. Nc4 Qc7 14. a4 h6 15. Be3
Rac8 16. O-O b6 17. Rfb1 Nh5 18. b4 axb4 19. Rxb4 f5 20. Nxb6 Rb8 21. Nxd7 Rxb4
22. Bxc5 dxc5 23. Nxf8 Kxf8 24. Nb5 Qc8 25. Bxh5 gxh5 26. Nd6 Qc7 27. Nxf5 c4
28. h4 c3 29. Ra3 Rc4 30. Ne3 Rc5 31. Nd1 Bf6 32. Rxc3 1-0

[Event "25th Chicago Open"]
[Site "Wheeling, IL"]
[Date "2016.05.28"]
[Round "4"]
[White "Shankar, Gauri"]
[Black "Shabalov, Alexander"]
[Result "0-1"]
[WhiteElo "2332"]
[BlackElo "2533"]
[PlyCount "94"]
[EventDate "2016.05.??"]
[EventType "swiss"]
[EventRounds "9"]
[EventCountry "USA"]
[Source "MonRoi"]

1. e4 Nf6 2. e5 Nd5 3. d4 d6 4. Nf3 Bg4 5. Be2 e6 6. O-O Be7 7. h3 Bh5 8. c4
Nb6 9. Be3 O-O 10. b3 Nc6 11. exd6 cxd6 12. Nc3 d5 13. c5 Nc8 14. Qd2 Bf6 15.
g4 Bg6 16. Rfd1 b6 17. Bb5 Nb4 18. g5 Be7 19. Ne5 a6 20. Be2 Bf5 21. a3 Nc2 22.
Nc6 Qe8 23. Nxe7+ Nxe7 24. cxb6 Nxa1 25. Rxa1 f6 26. h4 fxg5 27. hxg5 Ng6 28.
a4 a5 29. b7 Rb8 30. Nb5 Qd8 31. b4 Rxb7 32. bxa5 Rbf7 33. Qb4 Be4 34. Qd6 Qxa5
35. Qxe6 Kh8 36. Nd6 Re7 37. Qh3 Qc3 38. Rc1 Qa3 39. Nxe4 Nf4 40. Qg4 Rxe4 41.
Rc2 Qxa4 42. Bd1 Ng6 43. Qh5 Qd7 44. Qh2 Qe6 45. Rc3 Nh4 46. Rd3 Qa6 47. Rc3
Qa1 0-1

[Event "25th Chicago Open"]
[Site "Wheeling, IL"]
[Date "2016.05.28"]
[Round "4"]
[White "Burnett, Ronald"]
[Black "Sarkar, Justin"]
[Result "1/2-1/2"]
[WhiteElo "2322"]
[BlackElo "2430"]
[PlyCount "55"]
[EventDate "2016.05.??"]
[EventType "swiss"]
[EventRounds "9"]
[EventCountry "USA"]
[Source "MonRoi"]

1. d4 Nf6 2. c4 g6 3. g3 d5 4. cxd5 Nxd5 5. Bg2 Bg7 6. Nf3 Nb6 7. O-O Nc6 8. e3
e5 9. Nc3 exd4 10. exd4 O-O 11. Bg5 f6 12. Qb3+ Rf7 13. Be3 Na5 14. Qc2 Nac4
15. Rad1 c6 16. d5 Nxe3 17. fxe3 cxd5 18. Nxd5 Be6 19. Nf4 Qe8 20. Nd4 Bg4 21.
Rde1 Rd8 22. Qb3 Kh8 23. Nfe6 Bxe6 24. Nxe6 Rc8 25. Rc1 Rxc1 26. Rxc1 Re7 27.
Nxg7 Kxg7 28. Rc3 1/2-1/2

[Event "25th Chicago Open"]
[Site "Wheeling, IL"]
[Date "2016.05.28"]
[Round "4"]
[White "Kiewra, Keaton"]
[Black "Rozman, Levy"]
[Result "1-0"]
[WhiteElo "2425"]
[BlackElo "2254"]
[PlyCount "71"]
[EventDate "2016.05.??"]
[EventType "swiss"]
[EventRounds "9"]
[EventCountry "USA"]
[Source "MonRoi"]

1. d4 f5 2. Nf3 Nf6 3. g3 g6 4. Bg2 Bg7 5. O-O O-O 6. c4 d6 7. Nc3 e6 8. Qb3
Nc6 9. d5 Nb8 10. dxe6 Na6 11. Be3 Ng4 12. c5 Kh8 13. Bg5 Bf6 14. Bxf6+ Qxf6
15. cxd6 cxd6 16. Nd5 Qg7 17. e7 Re8 18. Qb5 Be6 19. Qxb7 Nc5 20. Qc6 Bxd5 21.
Qxd5 Qxe7 22. b4 Ne4 23. Qd4+ Kg8 24. Nd2 Rac8 25. Nxe4 fxe4 26. Bh3 h5 27.
Rad1 Rc2 28. Bxg4 hxg4 29. Qxd6 Qf7 30. Rd2 Rc4 31. e3 Re6 32. Qd8+ Re8 33. Qg5
Qe6 34. Rfd1 Rc6 35. b5 Rb6 36. Rd7 1-0

[Event "25th Chicago Open"]
[Site "Wheeling, IL"]
[Date "2016.05.28"]
[Round "4"]
[White "Kretchetov, Alexandre"]
[Black "Panjwani, Raja"]
[Result "1/2-1/2"]
[WhiteElo "2246"]
[BlackElo "2393"]
[PlyCount "58"]
[EventDate "2016.05.??"]
[EventType "swiss"]
[EventRounds "9"]
[EventCountry "USA"]
[Source "MonRoi"]

1. d4 g6 2. e4 Bg7 3. c4 d6 4. Nc3 Nf6 5. Nf3 O-O 6. Be2 Nbd7 7. Be3 e5 8. d5
Ng4 9. Bg5 f6 10. Bh4 Nh6 11. Nd2 c5 12. a3 Qe7 13. f3 Nf7 14. b4 Bh6 15. Bf2
b6 16. Nb3 f5 17. bxc5 Nxc5 18. Nxc5 bxc5 19. Rb1 Bd7 20. Rb7 Rfb8 21. Qb3 Qd8
22. O-O Rxb7 23. Qxb7 Rb8 24. Qxa7 Bd2 25. Nb5 Bxb5 26. cxb5 Ra8 27. Qb7 Rb8
28. Qa7 Ra8 29. Qb7 Rb8 1/2-1/2

[Event "25th Chicago Open"]
[Site "Wheeling, IL"]
[Date "2016.05.28"]
[Round "4"]
[White "Mulyar, Michael"]
[Black "Carreto, Giovanni"]
[Result "1-0"]
[WhiteElo "2388"]
[BlackElo "2224"]
[PlyCount "73"]
[EventDate "2016.05.??"]
[EventType "swiss"]
[EventRounds "9"]
[EventCountry "USA"]
[Source "MonRoi"]

1. d4 Nf6 2. Nf3 e6 3. c4 Bb4+ 4. Bd2 Qe7 5. g3 Nc6 6. Bg2 Bxd2+ 7. Nbxd2 d6 8.
O-O O-O 9. e4 e5 10. d5 Nb8 11. Ne1 a5 12. Nd3 Na6 13. f4 Bd7 14. Qe2 b5 15.
fxe5 dxe5 16. h3 Nc5 17. Kh2 bxc4 18. Nxc5 Qxc5 19. Qxc4 Qb6 20. Qc3 Rfe8 21.
Nc4 Qb4 22. Rfc1 Re7 23. Qxb4 axb4 24. Ne3 Ne8 25. Rc4 b3 26. a3 Ba4 27. Rac1
Rd7 28. Rb4 Rdd8 29. Rcc4 Bd7 30. Rxb3 Ra7 31. Rcb4 Kf8 32. h4 f6 33. Bh3 Ba4
34. Rb8 Bxb3 35. Rxd8 Rb7 36. Ra8 Ke7 37. Bc8 1-0

[Event "25th Chicago Open"]
[Site "Wheeling, IL"]
[Date "2016.05.28"]
[Round "4"]
[White "Shetty, Atulya"]
[Black "Song, Terry"]
[Result "0-1"]
[WhiteElo "2366"]
[BlackElo "2215"]
[PlyCount "96"]
[EventDate "2016.05.??"]
[EventType "swiss"]
[EventRounds "9"]
[EventCountry "USA"]
[Source "MonRoi"]

1. c4 c5 2. g3 Nc6 3. Bg2 g6 4. Nc3 Bg7 5. Nf3 Nf6 6. d4 cxd4 7. Nxd4 O-O 8.
O-O a6 9. c5 h6 10. Nb3 b5 11. cxb6 Qxb6 12. Be3 Qb8 13. Bf4 e5 14. Be3 Re8 15.
Nd5 Nxd5 16. Bxd5 Ne7 17. Bxa8 Qxa8 18. Qd6 Nf5 19. Qb6 Nxe3 20. fxe3 d5 21.
Nc5 Bh3 22. Rf2 d4 23. Qb3 Kh7 24. e4 Rc8 25. Qc2 f5 26. b4 a5 27. Qb3 fxe4 28.
Rf7 e3 29. Rb7 Rf8 30. bxa5 Rf2 31. Rxg7+ Kxg7 32. Qb7+ Qxb7 33. Nxb7 Bg2 34.
Nd6 Bd5 35. Ne8+ Kf7 36. Nc7 Rg2+ 37. Kf1 Bc6 38. Rc1 Be4 39. Nb5 Rf2+ 40. Kg1
Rg2+ 41. Kf1 Rxh2 42. Nd6+ Ke7 43. Nxe4 Rh1+ 44. Kg2 Rxc1 45. Kf3 Rf1+ 46. Kg2
Rf8 47. a6 d3 48. Nc3 dxe2 0-1

[Event "25th Chicago Open"]
[Site "Wheeling, IL"]
[Date "2016.05.28"]
[Round "4"]
[White "Ludwig, John"]
[Black "Whaley, Davis"]
[Result "1-0"]
[WhiteElo "2348"]
[BlackElo "2212"]
[PlyCount "101"]
[EventDate "2016.05.??"]
[EventType "swiss"]
[EventRounds "9"]
[EventCountry "USA"]
[Source "MonRoi"]

1. e4 c5 2. Nf3 a6 3. c3 e6 4. d4 d5 5. exd5 exd5 6. Be3 c4 7. Be2 Nc6 8. b3 b5
9. O-O Bd6 10. a4 Bf5 11. axb5 axb5 12. Rxa8 Qxa8 13. bxc4 bxc4 14. Nh4 Bd7 15.
Bg4 Qc8 16. Bxd7+ Qxd7 17. Nd2 Nge7 18. Qh5 O-O 19. Re1 Ra8 20. Ndf3 f6 21. Bd2
Qe8 22. Qg4 Qc8 23. Qxc8+ Rxc8 24. g4 Kf7 25. Ng2 Ra8 26. h4 Ra2 27. h5 Ra3 28.
g5 Rb3 29. Ngh4 Ba3 30. Kg2 Bb2 31. Re3 g6 32. gxf6 Kxf6 33. Kg3 Nf5+ 34. Nxf5
gxf5 35. h6 Ra3 36. Kf4 Ra7 37. Ng5 Re7 38. Rxe7 Nxe7 39. Nxh7+ Kg6 40. Nf8+
Kxh6 41. Ke5+ Kh5 42. Ke6 Kg4 43. Kxe7 Kf3 44. Ne6 Ke2 45. Be3 Bxc3 46. Kd6 Bd2
47. Nf4+ Kd1 48. Bxd2 Kxd2 49. Nxd5 f4 50. Ke5 Kd3 51. Nxf4+ 1-0

[Event "25th Chicago Open"]
[Site "Wheeling, IL"]
[Date "2016.05.28"]
[Round "4"]
[White "Karagianis, Petros"]
[Black "Homa, Seth"]
[Result "0-1"]
[WhiteElo "2189"]
[BlackElo "2325"]
[PlyCount "69"]
[EventDate "2016.05.??"]
[EventType "swiss"]
[EventRounds "9"]
[EventCountry "USA"]
[Source "MonRoi"]

1. d4 d5 2. c4 c6 3. Nf3 Nf6 4. Nc3 e6 5. g3 dxc4 6. Bg2 b5 7. O-O Bb7 8. Ne5
Qb6 9. e4 Nbd7 10. Nxd7 Nxd7 11. Be3 Be7 12. d5 c5 13. dxe6 fxe6 14. Qg4 b4 15.
Na4 Qc6 16. Qxg7 Bf6 17. Qg4 O-O-O 18. Nxc5 Nxc5 19. Bxc5 Bxb2 20. Rab1 c3 21.
Be3 a5 22. Qg7 Ba3 23. Qe5 c2 24. Ra1 Rhe8 25. Bf4 Rd3 26. Rfe1 Rc3 27. Bf1 Rc5
28. Qb8+ Kd7 29. Rad1+ cxd1=Q 30. Rxd1+ Ke7 31. Bd6+ Kf7 32. Qa7 Qxe4 33. f3
Qe3+ 34. Kh1 Qxf3+ 35. Kg1 0-1